000 00429nam a2200193Ia 4500
008 240510s9999 xx 000 0 und d
020 _a0001571690484
041 _aEng
082 _a005.7575
082 _bH55
100 _aHONOUR E.:
245 0 _aORACLE HOW TO
260 _bNEWJERSEY : WAITE GROUP
260 _c1996
300 _a782 p.
650 _aDATABASE SYSTEMS : ORACLE :
942 _2ddc
942 _cRBK
999 _c26553
_d26553
945 _a1
_bMadushi Gamage
_c1
_dMadushi Gamage